[Event "Southwest op 65th"]
[Site "Houston"]
[Date "1999.09.04"]
[Round "1"]
[White "True, George G"]
[Black "Gaskill Lorenzo, E."]
[Result "0-1"]
[WhiteElo "1403"]
[BlackElo "2073"]
[PlyCount "140"]
[EventDate "1999.09.??"]
[EventType "swiss"]
[EventRounds "6"]
[EventCountry "USA"]
[SourceTitle "EXT 2001"]
[Source "ChessBase"]
[SourceDate "2000.11.22"]
[SourceVersion "1"]
[SourceVersionDate "2000.11.22"]
[SourceQuality "1"]

1. d4 Nf6 2. Bf4 g6 3. e3 Bg7 4. Nf3 d6 5. Be2 0-0 6. h3 c5 7. c3 b6 8. 0-0 Ba6 9. Nbd2 Re8 10. Rc1 Bxe2 11. Qxe2 Nbd7 12. Bh2 e5 13. Qc4 d5 14. Qa4 exd4 15. cxd4 a6 16. Ne5 b5 17. Qd1 c4 18. b4 Bf8 19. a3 Bd6 20. Ndf3 Qc7 21. Nxd7 Bxh2+ 22. Nxh2 Qxd7 23. Ng4 Nxg4 24. Qxg4 Qxg4 25. hxg4 Re4 26. g5 Kf8 27. Rc3 Rae8 28. g3 Rg4 29. Kg2 Rxg5 30. f4 Rf5 31. g4 Rf6 32. Rh1 Rfe6 33. Kf3 Kg7 34. f5 gxf5 35. gxf5 Rh6 36. Rxh6 Kxh6 37. a4 Kg5 38. axb5 axb5 39. Ra3 Kxf5 40. Ra5 Rb8 41. Ra7 Ke6 42. Ra6+ Kd7 43. Ke2 Kc7 44. Rf6 Rf8 45. Rf5 Rd8 46. Rxf7+ Rd7 47. Rf5 Kc6 48. Rf6+ Rd6 49. Rf7 Rh6 50. Kd2 Rh2+ 51. Kc3 Rh3 52. Re7 h5 53. Re6+ Kc7 54. Re7+ Kd6 55. Re5 h4 56. Kd2 Rh2+ 57. Kc3 Re2 58. Re8 h3 59. Rd8+ Kc6 60. Rc8+ Kd6 61. Rd8+ Kc6 62. Rc8+ Kd7 63. Rh8 h2 64. Rh7+ Ke6 65. Rh6+ Kf5 66. e4+ Kxe4 67. Re6+ Kf3 68. Rf6+ Ke4 69. Re6+ Kf4 70. Rxe2 h1Q 0-1